MIEJSCA, W KTÓRYCH ZACHOWUJEMY CISZĘ: - Statystyki

Ogólne statystyki
  • Ten quiz został rozwiązany 47 razy
  • Średni wynik to 3 z 6
Statystyki odpowiedzi
Odpowiedź % Poprawnych
KOŚCIÓŁ
87%
BIBLIOTEKA
56%
KINO
51%
TEATR
46%
CMENTARZ
41%
MUZEUM
33%
Nie znaleziono quizów pasujących do podanych kryteriów
Rozkład punktacji
Procent ludzi z każdym wynikiem
Percentyl według liczby udzielonych odpowiedzi
Twoja historia wyników
Nie rozwiązałeś tego quizu